Loading...

Manak hindi ka sudhiparak vyakaran /

Bibliografiske detaljer
Hovedforfatter: Mahrotra, Ramesh Chandra
Format: Printed Book
Sprog:Hindi
Udgivet: New Delhi : Vani Prakashan , 1988.
LEADER 00512nam a2200145Ia 4500
008 150624b xxu||||| |||| 00| | hin d
082 |a 465 
100 |a Mahrotra, Ramesh Chandra 
245 |c Ramesh Chandra Mahrotra  |a Manak hindi ka sudhiparak vyakaran / 
260 |a New Delhi :  |b Vani Prakashan ,  |c 1988. 
300 |a 210 p. 
546 |a In Hindi. 
942 |c BK 
999 |c 92172  |d 92172 
952 |0 0  |1 0  |2 ddc  |4 0  |6 465_000000000000000_MEH_M_H  |7 0  |9 92114  |a UL  |b UL  |c ST1  |d 1998-09-15  |l 3  |o 465 MEH/M H  |p 59408  |r 2020-02-18  |s 2020-01-16  |y BK